00762nam a2200193 a 450000100100000000500170001000800410002704000250006808200150009310000390010824500410014726000480018830000200023649000130025659000750026983000200034495201870036499900170055100003510920240306164224.0111025s1968 cu 000 0 spa d aDO-SdBNPbspacBNPHU axxxxbxxxx1 aVargas Llosa, Mario,d1936-91256714aLos cachorros /cMario Vargas Llosa. aLa Habana, :bCasa de la Américas,c1968. a67 p. ;c16 cm.1 aLa honda aPerteneció a la biblioteca personal de Juan Isidro Jimenes Grullón 0aLa honda922010 0010507-18MOaGRbGRcOId2011-10-25iLF1l0oxxxx xxxxp35109-10r2020-06-25w2020-06-25y1zPerteneció a la biblioteca personal de Juan Isidro Jimenes Grullón.ZNo se presta c34600d34600